000 00465nam a2200145Ia 4500
003 OSt
005 20260129141256.0
008 211028s2018 xx 000 0 und d
040 _cAIMIT LIBRARY
041 _aeng
100 _aThomas, Nibin K; James, Justine P.
_g1616122
_97877
245 _aStudy on the dealers perception towards the operation of Matha trading company Changanacherry Kerala /
260 _aMangalore
_bJustine P James.
_c2018
942 _2ddc
_cPRO
999 _c219445
_d219445